MARC

LEADER 00000nam0a2200000 4500
001 683670
005 20251210092808.0
090 |a 683670 
100 |a 20251210d1976 km|y0rusy50 ca 
101 0 |a rus 
102 |a RU 
105 |a y z 000yy 
181 0 |a i   |b  e  
182 0 |a n 
183 0 |a nc  |2 RDAcarrier 
200 1 |a Проблемы формирования сознания личности  |f ред. Б. И. Лещинер 
203 |a Текст  |b визуальный  |c непосредственный 
210 |a Томск  |c Изд-во Томского ун-та  |d 1976 
215 |a 141 с. 
283 |a volume  |2 RDAcarrier 
606 |a Личность  |x Воспитание активой позиции  |9 60380 
610 1 |a научное мировоззрение 
610 1 |a формирование 
610 1 |a этическое воспитание 
610 1 |a правовое воспитание 
610 1 |a эстетическое воспитание 
610 1 |a трудовое воспитание 
610 1 |a социально-психологические аспекты 
610 1 |a буржуазная социология 
610 1 |a критика 
686 |2 rubbk  |a Ю612.3 
702 1 |4 340  |a Лещинер  |b Б. И. 
801 0 |a RU  |b 63413507  |c 20251210 
830 |a Ретро2025Каталогизация Шило 
850 |a 63413507 
942 |c BK